| 000 | 00940nac a22002897a 4500 | ||
|---|---|---|---|
| 001 | BR9301856 | ||
| 003 | BR-BrBNA | ||
| 005 | 20240105121452.0 | ||
| 008 | 230509b bl.|||m| |||| 00| 0 por d | ||
| 040 |
_aBR-BrBNA _bpor _cBiblioteca Nacional de Agricultura |
||
| 072 | _aN20 | ||
| 090 | _aN20 BR9301856 | ||
| 100 | 1 | _aOliveira, M.C. de | |
| 100 | 1 | _aAlbuquerque, S.G. de | |
| 110 | 1 | _aCentro de Pesquisa Agropecuaria do Tropico Semi-Arido, Petrolina, PE (Brasil) | |
| 245 | 1 | _aBalancins para cercas: maquina para confeccao e uso geral | |
| 250 | 1 | _a2. ed. | |
| 260 | 3 |
_aPetrolina, PE (Brasil): _c1987. |
|
| 300 | _a17 p. | ||
| 490 |
_aComunicado Tecnico - Centro de Pesquisa Agropecuaria do Tropico Semi-Arido (Brazil) _vno. 15 _xISSN 0100-6061 |
||
| 500 | _a12 illus. | ||
| 650 | _aCerca | ||
| 650 | _aBalancim | ||
| 650 | _aMaquina Agricola | ||
| 909 |
_a202312 _bLúcia Elande _c55 _dLúcia Elande |
||
| 942 |
_2AGRIS _n0 _cMS |
||
| 999 |
_c285492 _d285492 |
||